An offer from a gentleman / Julia Quinn.
Available copies
- 1 of 1 copy available at LARL/NWRL Consortium.
- 1 of 1 copy available at Lake Agassiz Regional Library. (Show preferred library)
Current holds
0 current holds with 1 total copy.
View other formats and editions
Show Only Available Copies
| Location | Call Number / Copy Notes | Barcode | Shelving Location | Status | Due Date |
|---|---|---|---|---|---|
| Detroit Lakes Public Library | CD TALKING BOOK QUI (Text) | 33500013364203 | Main | Available | - |
Record details
- ISBN: 9781501935435
- ISBN: 1501935437
- ISBN: 9781664565326
- ISBN: 1664565329
- ISBN: 9781664457492
- ISBN: 1664457496
- Physical Description: 10 audio discs (12 1/2 hr.) : CD audio, digital ; ... Read More
- Edition: Unabridged.
- Publisher: Prince Frederick, MD : Recorded Books, [2017]
- Copyright: ℗2017
Content descriptions
| General Note: | Title from container. Recordable compact discs. In container (17 cm.). |
| Participant or Performer Note: | Narrated by Rosalyn Landor. |
| Summary, etc.: | "Sophie Beckett never dreamed she'd be able to ... Read More |
Search for related items by subject
| Genre: | Historical fiction. Audiobooks. Fiction. Romance fiction. Love stories. Historical fiction. Regency fiction. |
Search for related items by series
| LDR | 03156cim a2200757 i 4500 | ||
|---|---|---|---|
| 001 | 362431 | ||
| 003 | LARL_NWRL_CONSORTIUM | ||
| 005 | 20210318164343.0 | ||
| 008 | 191002t20172017mdunnnn f n eng | ||
| 007 | sd fsngnnzmned | ||
| 010 | . | ‡a 2019627234 | |
| 040 | . | ‡aDLC ‡beng ‡erda ‡cDLC ‡dOCLCF ‡dRECBX ‡dOCLCO ‡dOCL ‡dBLACP ‡dOCLCO | |
| 020 | . | ‡a9781501935435 | |
| 020 | . | ‡a1501935437 | |
| 020 | . | ‡a9781664565326 ‡q(sound recording ; ‡qBlackstone Library CD) | |
| 020 | . | ‡a1664565329 ‡q(sound recording ; ‡qBlackstone Library CD) | |
| 020 | . | ‡a9781664457492 ‡q(sound recording ; ‡qBlackstone Retail CD) | |
| 020 | . | ‡a1664457496 ‡q(sound recording ; ‡qBlackstone Retail CD) | |
| 028 | 0 | 2. | ‡aCL0668 ‡bRecorded Books |
| 035 | . | ‡a(OCoLC)970939960 | |
| 037 | . | ‡aZPcjdj ‡bBlackstone Publishing | |
| 037 | . | ‡aZEcjdj ‡bBlackstone Publishing | |
| 043 | . | ‡ae-uk-en | |
| 082 | 0 | 4. | ‡a813/.6 ‡223 |
| 100 | 1 | . | ‡aQuinn, Julia, ‡d1970- ‡eauthor. ‡0(LARL_NWRL_CONSORTIUM)142120 |
| 245 | 1 | 3. | ‡aAn offer from a gentleman / ‡cJulia Quinn. |
| 250 | . | ‡aUnabridged. | |
| 264 | 1. | ‡aPrince Frederick, MD : ‡bRecorded Books, ‡c[2017] | |
| 264 | 4. | ‡c℗2017 | |
| 300 | . | ‡a10 audio discs (12 1/2 hr.) : ‡bCD audio, digital ; ‡c4 3/4 in. | |
| 336 | . | ‡aspoken word ‡bspw ‡2rdacontent | |
| 337 | . | ‡aaudio ‡bs ‡2rdamedia | |
| 338 | . | ‡aaudio disc ‡bsd ‡2rdacarrier | |
| 344 | . | ‡adigital ‡2rdatr | |
| 344 | . | ‡boptical ‡2rdarm | |
| 344 | . | ‡gstereo ‡2rdacpc | |
| 347 | . | ‡aaudio file ‡2rdaft | |
| 347 | . | ‡bCD audio | |
| 490 | 0 | . | ‡aBridgerton ; ‡v3 |
| 500 | . | ‡aTitle from container. | |
| 511 | 0 | . | ‡aNarrated by Rosalyn Landor. |
| 500 | . | ‡aRecordable compact discs. | |
| 500 | . | ‡aIn container (17 cm.). | |
| 520 | . | ‡a"Sophie Beckett never dreamed she'd be able to sneak into Lady Bridgerton's famed masquerade ball--or that "Prince Charming" would be waiting there for her! Though the daughter of an earl, Sophie has been relegated to the role of servant by her disdainful stepmother. But now, spinning in the strong arms of the debonair and devastatingly handsome Benedict Bridgerton, she feels like royalty. Alas, she knows all enchantments must end when the clock strikes midnight!" | |
| 650 | 0. | ‡aMan-woman relationships ‡vFiction. ‡0(LARL_NWRL_CONSORTIUM)165985 | |
| 650 | 0. | ‡aMasquerades ‡vFiction. | |
| 650 | 0. | ‡aAristocracy (Social class) ‡zEngland ‡vFiction. ‡0(LARL_NWRL_CONSORTIUM)170726 | |
| 651 | 0. | ‡aEngland ‡xSocial life and customs ‡y19th century ‡vFiction. ‡0(LARL_NWRL_CONSORTIUM)168418 | |
| 650 | 7. | ‡aManners and customs. ‡2fast ‡0(LARL_NWRL_CONSORTIUM)25043 | |
| 651 | 7. | ‡aEngland. ‡2fast ‡0(LARL_NWRL_CONSORTIUM)178134 | |
| 648 | 7. | ‡a1800-1899 ‡2fast | |
| 655 | 7. | ‡aHistorical fiction. ‡2fast | |
| 655 | 7. | ‡aAudiobooks. ‡2fast ‡0(LARL_NWRL_CONSORTIUM)175801 | |
| 655 | 7. | ‡aFiction. ‡2fast | |
| 655 | 7. | ‡aRomance fiction. ‡2lcgft | |
| 655 | 7. | ‡aLove stories. ‡2gsafd | |
| 655 | 7. | ‡aHistorical fiction. ‡2lcgft | |
| 655 | 7. | ‡aRegency fiction. ‡2gsafd | |
| 700 | 1 | . | ‡aLandor, Rosalyn. ‡4nrt ‡0(LARL_NWRL_CONSORTIUM)219719 |
| 901 | . | ‡a362431 ‡b ‡c362431 ‡tbiblio | |

Add to basket
Permalink
Disable Highlighting